American Congress on Surveying and Mapping (Record no. 119553)

MARC details
000 -LEADER
fixed length control field 01275cam a2200277 4500
001 - CONTROL NUMBER
control field WS107553
008 - FIXED-LENGTH DATA ELEMENTS--GENERAL INFORMATION
fixed length control field 000000n 000 0 eng u
035 ## - SYSTEM CONTROL NUMBER
System control number (Sirsi) u107553
110 ## - MAIN ENTRY--CORPORATE NAME
Corporate name or jurisdiction name as entry element American Congress on Surveying and Mapping
9 (RLIN) 58
245 ## - TITLE STATEMENT
Title American Congress on Surveying and Mapping
520 ## - SUMMARY, ETC.
Summary, etc. Web site for this US membership society for the spatial data information industry. Covers their professional publications, membership information and details of US government affairs in this area. Also gives downloadable versions of the ALTA/ASM minimum standard detail requirements and the land title survey standards and searchable journal abstracts. Includes links to various sub-groups.
650 0# - SUBJECT ADDED ENTRY--TOPICAL TERM
Topical term or geographic name entry element AMERICAN ASSOCIATION OF GEODETIC SURVEYING
650 0# - SUBJECT ADDED ENTRY--TOPICAL TERM
Topical term or geographic name entry element CARTOGRAPHIC AND GEOGRAPHIC INFORMATION SOCIETY
650 0# - SUBJECT ADDED ENTRY--TOPICAL TERM
Topical term or geographic name entry element GEOGRAPHIC AND LAND INFORMATION SOCIETY
650 0# - SUBJECT ADDED ENTRY--TOPICAL TERM
Topical term or geographic name entry element NATIONAL SOCIETY OF PROFESSIONAL SURVEYORS
650 ## - SUBJECT ADDED ENTRY--TOPICAL TERM
Topical term or geographic name entry element USA
650 ## - SUBJECT ADDED ENTRY--TOPICAL TERM
Topical term or geographic name entry element INTERNATIONAL
650 ## - SUBJECT ADDED ENTRY--TOPICAL TERM
Topical term or geographic name entry element ORGANISATION
650 ## - SUBJECT ADDED ENTRY--TOPICAL TERM
Topical term or geographic name entry element Geomatics
9 (RLIN) 6242
650 ## - SUBJECT ADDED ENTRY--TOPICAL TERM
Topical term or geographic name entry element SPATIAL INFORMATION
650 ## - SUBJECT ADDED ENTRY--TOPICAL TERM
Topical term or geographic name entry element MAPPING
650 ## - SUBJECT ADDED ENTRY--TOPICAL TERM
Topical term or geographic name entry element LAND SURVEYING
690 ## - LOCAL SUBJECT ADDED ENTRY--TOPICAL TERM (OCLC, RLIN)
Topical term or geographic name as entry element MAPPING AND MEASUREMENT
856 40 - ELECTRONIC LOCATION AND ACCESS
Uniform Resource Identifier <a href="https://www.acsm.net">https://www.acsm.net</a>
Public note View the website free of charge at www.acsm.net...
942 ## - ADDED ENTRY ELEMENTS (KOHA)
Suppress in OPAC 0
Holdings
Withdrawn status Lost status Source of classification or shelving scheme Damaged status Not for loan Home library Current library Shelving location Date acquired Total Checkouts Full call number Barcode Date last seen Copy number Price effective from Koha item type
    Dewey Decimal Classification     Virtual Virtual Online 04/08/2000   WEB SITE 107553-2001 06/08/2019 1 06/08/2019 Online material